[Event "2020 Australian Chess Championship"]
[Site "Sydney, Australia"]
[Date "2020.01.11"]
[Round "9.9"]
[White "Parle, Hughston"]
[Black "O`Chee, Kevin"]
[Result "0-1"]
[WhiteElo "2057"]
[BlackElo "2156"]

1. e4 c6 2. d4 d5 3. exd5 cxd5 4. Bd3 Nc6 5. c3 Nf6 6. Bf4 g6 7. Nf3 Bg7 8. h3
O-O 9. O-O Bf5 10. Bxf5 gxf5 11. Nbd2 e6 12. Ne5 Rc8 13. Bg5 Qc7 14. Bxf6 Bxf6
15. f4 Kh8 16. Qh5 Bxe5 17. fxe5 Rg8 18. Nf3 Rg7 19. Ng5 Rcg8 20. h4 Nd8 21.
Kh1 Qc4 22. Rae1 Qxa2 23. Rf2 Qc4 24. g4 fxg4 25. Rxf7 Nxf7 26. Nxf7+ Rxf7 27.
Qxf7 Qc8 28. Qf6+ Rg7 29. c4 dxc4 30. d5 g3 31. d6 Qc6+ 32. Kg1 Qb6+ 33. Kg2
Qxb2+ 34. Kf1 g2+ 35. Kg1 Qb6+ 36. Qf2 Qxf2+ 37. Kxf2 Kg8 38. Kg1 Kf8 39. Rc1
b5 40. Rb1 Rb7 41. Kxg2 b4 42. Kf3 a5 43. Ke3 Ke8 44. Kd4 c3 45. Kd3 Rb5 46.
Re1 a4 47. Kc2 Rd5 0-1

[Event "2020 Australian Chess Championship"]
[Site "Sydney, Australia"]
[Date "2020.01.11"]
[Round "9.10"]
[White "Ng, Clive"]
[Black "Plant, John Stuart"]
[Result "1/2-1/2"]
[WhiteElo "2061"]
[BlackElo "1993"]

1. e4 d6 2. d4 Nf6 3. Nc3 e5 4. Nge2 c6 5. a4 Be7 6. g3 Qc7 7. Bg2 Na6 8. O-O
Bd7 9. h3 Nb4 10. Be3 h5 11. Qd2 Qc8 12. Kh2 a5 13. Rae1 Qc7 14. f4 h4 15. g4
Bxg4 16. fxe5 dxe5 17. dxe5 Rd8 18. Qc1 Be6 19. Ng1 Qxe5+ 20. Bf4 Qh5 21. Nf3
Qg6 22. Ne5 Qh7 23. Nf3 Bc4 24. Rf2 Nh5 25. e5 O-O 26. Bg5 Bc5 27. Rd2 Rxd2 28.
Nxd2 Be6 29. Nce4 Bd4 30. Nf3 Bb6 31. Bxh4 Qf5 32. Nd6 Qf4+ 33. Qxf4 Nxf4 34.
Nxb7 Nxc2 35. Rc1 Nxg2 36. Kxg2 Nd4 37. Nxd4 Bxd4 38. Nxa5 Bxb2 39. Rc2 Bxe5 40.
Nxc6 Bb3 41. Rc5 1/2-1/2